| 000 | 01127nam a2200289Ia 4500 | ||
|---|---|---|---|
| 008 | 130821s2001 sp gr spa | ||
| 020 | _a8472236072 | ||
| 040 |
_aCo-BoUCM _bspa |
||
| 041 | 0 | 0 | _aspa |
| 100 | 1 |
_aSchrodinger, Erwin _d1887-1961 _9125345 |
|
| 245 | 1 | 1 |
_a¿Qué es la vida? _cErwin Scrödinger: traducción de Ricardo Guerrero |
| 250 | _a5a. Ed. | ||
| 260 |
_aBarcelona (España) _bTusquets Editores _c2001 |
||
| 300 | _a139 páginas | ||
| 490 |
_aMetatemas _v1 |
||
| 586 | _aPremio Nobel de Fisica, 1933. | ||
| 650 | 0 | 4 |
_aCiencias naturales _910813 |
| 650 | 0 | 4 |
_aConstitución de la materia _vEnsayos, conferencias, etc. _911685 |
| 650 | 0 | 4 |
_aFilosofía de la ciencia _vEnsayos, conferencias, etc. _955141 |
| 650 | 0 | 4 |
_aGenética _vEnsayos, conferencias, etc. _9207 |
| 650 | 0 | 4 |
_aOrigen de la vida _vEnsayos, conferencias, etc. _920895 |
| 650 | 0 | 4 |
_aVida (Biología) _vEnsayos, conferencias, etc. _9162763 |
| 700 | 1 |
_aGuerrero, Ricardo _etrad. _9162764 |
|
| 765 | 1 | 0 | _aWhat is life?. The physical aspect of the living cell. |
| 942 |
_cLIBRO _a25 _e5 _mS381q _2DEWEY _h577 |
||
| 999 |
_c49815 _d49815 |
||